<?xml version="1.0" encoding="UTF-8"?>
<record
    xmlns:xsi="http://www.w3.org/2001/XMLSchema-instance"
    xsi:schemaLocation="http://www.loc.gov/MARC21/slim http://www.loc.gov/standards/marcxml/schema/MARC21slim.xsd"
    xmlns="http://www.loc.gov/MARC21/slim">

  <leader>00732nam a22002297c 4500</leader>
  <controlfield tag="003">OSt</controlfield>
  <controlfield tag="005">20160321170321.0</controlfield>
  <controlfield tag="008">160321s2016    sp a   | |||| 001 0 spa d</controlfield>
  <datafield tag="020" ind1=" " ind2=" ">
    <subfield code="a">9788441537903</subfield>
  </datafield>
  <datafield tag="040" ind1=" " ind2=" ">
    <subfield code="c">CDMR</subfield>
    <subfield code="b">cat</subfield>
  </datafield>
  <datafield tag="100" ind1="1" ind2=" ">
    <subfield code="a">Kawasaki, Guy</subfield>
    <subfield code="d">1954-</subfield>
  </datafield>
  <datafield tag="245" ind1="1" ind2="3">
    <subfield code="a">El arte del social media</subfield>
    <subfield code="c">Guy Kawasaki y Peg Fitzpatrick ; [traductor, Gregorio Dulli Alejano]</subfield>
    <subfield code="b">: consejos pr&#xE1;cticos para una estrategia de &#xE9;xito</subfield>
  </datafield>
  <datafield tag="260" ind1=" " ind2=" ">
    <subfield code="a">Madrid</subfield>
    <subfield code="b">Anaya Multimedia</subfield>
    <subfield code="c">D.L. 2016</subfield>
  </datafield>
  <datafield tag="300" ind1=" " ind2=" ">
    <subfield code="a">191 p.</subfield>
    <subfield code="b">il.</subfield>
    <subfield code="c">20 cm</subfield>
  </datafield>
  <datafield tag="500" ind1=" " ind2=" ">
    <subfield code="a">Index</subfield>
  </datafield>
  <datafield tag="650" ind1="0" ind2="4">
    <subfield code="a">M&#xE0;rqueting</subfield>
    <subfield code="9">3396</subfield>
  </datafield>
  <datafield tag="650" ind1="0" ind2="4">
    <subfield code="a">Internet</subfield>
    <subfield code="9">4159</subfield>
    <subfield code="x">Aspectes econ&#xF2;mics</subfield>
  </datafield>
  <datafield tag="650" ind1="0" ind2="4">
    <subfield code="a">Mitjans de comunicaci&#xF3; social</subfield>
    <subfield code="9">3082</subfield>
  </datafield>
  <datafield tag="700" ind1="1" ind2=" ">
    <subfield code="a">Fitzpatrick, Peg</subfield>
  </datafield>
  <datafield tag="942" ind1=" " ind2=" ">
    <subfield code="c">MON</subfield>
    <subfield code="2">udc</subfield>
  </datafield>
  <datafield tag="956" ind1=" " ind2=" ">
    <subfield code="a">2</subfield>
  </datafield>
  <datafield tag="999" ind1=" " ind2=" ">
    <subfield code="c">6918</subfield>
    <subfield code="d">6918</subfield>
  </datafield>
  <datafield tag="952" ind1=" " ind2=" ">
    <subfield code="0">0</subfield>
    <subfield code="1">0</subfield>
    <subfield code="4">0</subfield>
    <subfield code="7">0</subfield>
    <subfield code="a">CDMR</subfield>
    <subfield code="b">CDMR</subfield>
    <subfield code="d">2016-03-21</subfield>
    <subfield code="e">Intercanvi</subfield>
    <subfield code="g">18.95</subfield>
    <subfield code="l">23</subfield>
    <subfield code="m">13</subfield>
    <subfield code="o">Cq 24</subfield>
    <subfield code="p">CDMR16030005</subfield>
    <subfield code="r">2019-07-04</subfield>
    <subfield code="s">2019-06-03</subfield>
    <subfield code="v">18.95</subfield>
    <subfield code="w">2016-03-21</subfield>
    <subfield code="y">MON</subfield>
  </datafield>
</record>
